Bài tập cơ học kết cấu
Gespeichert in:
| 1. Verfasser: | |
|---|---|
| Format: | Buch |
| Sprache: | Undetermined |
| Veröffentlicht: |
Hà Nội
Khoa học kỹ thuật
2004
|
| Schlagworte: | |
| Tags: |
Tag hinzufügen
Keine Tags, Fügen Sie den ersten Tag hinzu!
|
| Thư viện lưu trữ: | Trung tâm Học liệu Trường Đại học Cần Thơ |
|---|
| LEADER | 00617nam a2200205Ia 4500 | ||
|---|---|---|---|
| 001 | CTU_63005 | ||
| 008 | 210402s9999 xx 000 0 und d | ||
| 020 | |b 26000 | ||
| 082 | |a 624.171076 | ||
| 082 | |b Tr312/T.2 | ||
| 100 | |a Lều, Thọ Trình | ||
| 245 | 0 | |a Bài tập cơ học kết cấu | |
| 245 | 0 | |c Lều Thọ Trình, Nguyễn Mạnh Yên | |
| 260 | |a Hà Nội | ||
| 260 | |b Khoa học kỹ thuật | ||
| 260 | |c 2004 | ||
| 650 | |a Mechanics | ||
| 650 | |x Problems, exercises | ||
| 904 | |i TUYẾN (Nguyên sửa) | ||
| 980 | |a Trung tâm Học liệu Trường Đại học Cần Thơ | ||